Quiz sur Professeur Layton (général) - Statistiques

Statistiques générales
  • Ce quiz a été pris 49 fois
  • Le résultat moyen est 29 sur 70
Statistiques - réponses
Indice Réponse % Correct
Trésor que recherche nos personnages La pomme d'or
94%
Ce qu'est la Pomme d'or Flora Reinhold
91%
Ce qui manque d'écraser nos protagonistes La Grande roue
79%
Mini-jeu dans lequel on peut utiliser de l'Ortimente et de la Myreboise Service à thé
76%
Personnage qui part en Amérique à la fin du jeu Luke Triton
74%
Celui en qui se déguise Don Paolo dans cet opus Hershel Layton
71%
Lien qui unit le Professeur et Descole Frères
68%
Espèce de Tom Chien
65%
Ce qu'il faut faire pour que Luke nous ouvre sa porte au début du jeu Rien
65%
Nom du défunt baron Augustus Reinhold
62%
Ville où se passe l'action Saint-Mystère
62%
Véritable identité de Luke du futur Clive Dove
59%
Prénom donné à l'émissaire aslante Gaïa
59%
Nom du train Molentary express
59%
Personnage culte de la saga, en lune de miel avec sa femme dans cet opus Inspecteur Chelmey
56%
Membre de la famille Van Herzen Vladimir Van Herzen
56%
Personnage qui disparait après l'expérience d'Alain Stahngun Bill Hawks
50%
Organisation gérée par 9 enfants Corbeau noir / Corbeaux noirs
50%
Les 3 identités que Descole a eu au cours de sa vie (prénom + nom) Jean Descole
50%
Ville principale où se passe l'action Misthallery
50%
Parents de Luke Clark Triton
47%
Les 3 identités que Descole a eu au cours de sa vie (prénom + nom) Hershel Bronev
47%
Les deux masques qui ne font qu'un Masque du Chaos
47%
Elle écrase Dardar, et prend ainsi le rôle de gardienne des énigmes oubliées Mimi Mystère
47%
Celui qui se cache sous le Maître du masque Randall Ascott
47%
Identité sous laquelle Claire se présente aux protagonistes Céleste Foley
44%
Personnage auteur de la lettre qu'a reçu le Professeur en début de jeu Dr. Andrew Schrader
44%
Ville déserte, destination du train Folsense
44%
Ville où se passe l'action principale (dans le présent) Dorémont
41%
Phrase que cri le perroquet, faisant ainsi fuir Chelton et Barmey Hors de ma vue !
41%
Taupe de TARGET, travaillant à Scotland Yard, que l'on rencontre pour la première fois dans ce jeu Inspecteur Léonard Bloom
41%
Les deux masques qui ne font qu'un Masque de l'Ordre
41%
Lapin quelque peu farouche, qui fut un cobaye pour d'horribles expériences Numéro 3
41%
Celui qui se fait passer pour Layton du futur Dimitri Allen
38%
Université dans laquelle travaille le Professeur Gressenheller
38%
Objet que fabrique nos protagoniste afin de faire rire le chef de la ville "Jungle" Lunettes
38%
Touriste perdu que l'on croise d'abord dans les égouts Pavel
38%
Petite fille à la réputation de sorcière Arianna Barde
35%
Ville, halte du train, où Flora se fera enfermer dans une grange Dropstone
35%
L'objet au centre du jeu Le coffret céleste
35%
Nom du repère de TARGET Le Nid
35%
Le véritable nom du spectre Loosha
35%
Membre de la famille Van Herzen Sophia Van Herzen
35%
Chat de Dahlia, que le professeur et Luke doivent rattraper en début de jeu Claudia
32%
Dans l'énigme 001, on cherche la plus grande Couronne
32%
Premier haut lieu du peuple aslantes Jardin d'or / Havre des bienfaits
32%
Membre de la famille Van Herzen Katia Van Herzen
32%
Membre de la famille Van Herzen M. Bélouga
32%
Personnage se faisant kidnapper devant le Professeur et Luke Ramon
32%
Membre de la famille Van Herzen Sam Léclair
32%
Nom de naissance du professeur Layton Théodore Bronev
32%
D'après la légende de la ville "Remparts", seule une larme de cet animal peut sauver les adultes endormis Phénix
29%
Spécialité local de la ville "Ile" Popoño
29%
Parents de Luke Brenda Triton
26%
Deuxième haut lieu du peuple aslantes Cité d'Ambrosia / Cité de l'Harmonie
26%
Les 3 identités que Descole a eu au cours de sa vie (prénom + nom) Desmond Sycamore
26%
Les trois chansons permettant la révélation de ce lieu Ode à la mer
26%
Les trois chansons permettant la révélation de ce lieu Ode au soleil
26%
Nom des ruines où disparait l'ami d'Hershel Ruines d'Akavadon
26%
Mot qu'il faut former lors de l'énigme 004 afin de choisir la bonne porte King
24%
Troisième et dernier haut lieu des aslantes Foyer de l'Infini
21%
Les trois chansons permettant la révélation de ce lieu Ode aux étoiles
18%
Villes où l'on trouve une pierre d'éveil Al Somnia
15%
Nom de l'animal, terreur malgré lui de la ville "Désert" Griffe-rousse
12%
Nom donné au vent par les habitant de la ville "Colline", ces derniers pensant que c'est une entité qu'il faut apaiser Maître Éolius
12%
Villes où l'on trouve une pierre d'éveil San Grio
12%
Villes où l'on trouve une pierre d'éveil Windstad
12%
Celle qui a emprunté le corps de son amie Mélina Whistler
9%
Noms de ces villes où l'on trouve une pierre d'éveil Phong Gi
6%
Villes où l'on trouve une pierre d'éveil Torrido
6%
Aucun quiz correspondant
Distribution des résultats
% des personnes avec chaque résultat
Percentile par nombre de réponses
Votre historique - résultats
Vous n’avez pas pris ce quiz